| 000 | 00456nam a22001697a 4500 | ||
|---|---|---|---|
| 005 | 20260406171332.0 | ||
| 008 | 260406b |||||||| |||| 00| 0 eng d | ||
| 020 | _a9788199024816 | ||
| 041 | _aEnglish | ||
| 082 | _a070.4 RAH | ||
| 100 | _aRahi, Baninder | ||
| 245 | _aHandbook of Print Journalism | ||
| 260 |
_aNew Delhi _bLG Publications _c2025 |
||
| 300 | _a160p. | ||
| 650 |
_bJournalism, Print Journalism _aJournalism, Print Journalism |
||
| 942 | _cRB | ||
| 999 |
_c9608 _d9608 |
||